000 00377nam a2200133Ia 4500
005 20260326100034.0
008 260326s9999||||xx |||||||||||||| ||und||
100 _aVargas, José María
245 0 _aEcuador monnumentos Históricos y Arqueológicos /
_cJosé María Vargas
260 _bInstituto Panamericano de Geografía
300 _a144 p.
650 _aARTE
942 _cBK
999 _c6720
_d6720